| 000 | 00555nam a22001457a 4500 | ||
|---|---|---|---|
| 999 |
_c121681 _d121681 |
||
| 005 | 20210317092258.0 | ||
| 008 | 210317b ||||| |||| 00| 0 eng d | ||
| 040 | _cPK-LaUMT | ||
| 082 |
_aRHC 358.414 _bASI-D |
||
| 100 | _aAsif Mahmood = آصف محمود | ||
| 245 |
_aDaroon hamlay = ڈرون حملے : _bعالمی قوانین اور انسانی ضمیر کی عدالت میں/ _cby Asif Mahmood = آصف محمود |
||
| 260 |
_aIslamabad : _bInternational Institute of Strategic Studies and Research, _c2013 |
||
| 300 | _a176 p. | ||
| 942 | _cBK | ||